UBT Library

Federal regulation of personnel and human resource management / (Record no. 43663)

000 -LEADER
fixed length control field 00787cam a2200241 a 4500
001 - CONTROL NUMBER
control field 3889454
005 - DATE AND TIME OF LATEST TRANSACTION
control field 20180227093947.0
008 - FIXED-LENGTH DATA ELEMENTS--GENERAL INFORMATION
fixed length control field 900509s1991 mau b 001 0 eng
010 ## - LIBRARY OF CONGRESS CONTROL NUMBER
LC control number 90038720
020 ## - INTERNATIONAL STANDARD BOOK NUMBER
International Standard Book Number 0534872069
040 ## - CATALOGING SOURCE
Original cataloging agency DLC
Transcribing agency DLC
Modifying agency DLC
041 ## - LANGUAGE CODE
Language code of text/sound track or separate title eng
043 ## - GEOGRAPHIC AREA CODE
Geographic area code n-us---
080 ## - UNIVERSAL DECIMAL CLASSIFICATION NUMBER
Universal Decimal Classification number 344.7301 LED
082 00 - DEWEY DECIMAL CLASSIFICATION NUMBER
Classification number 344.7301 LED
-- 347.3041
Edition number 20
100 1# - Rafti
Rafti 52
101 ## - Shkurtesa
Shkurtesa BNJ
245 10 - TITLE STATEMENT
Title Federal regulation of personnel and human resource management /
Statement of responsibility, etc James Ledvinka, Vida Gulbinas Scarpello.
504 ## - BIBLIOGRAPHY, ETC. NOTE
Bibliography, etc Includes bibliographical references and indexes.
906 ## - LOCAL DATA ELEMENT F, LDF (RLIN)
a 7
b cbc
c orignew
d 1
e ocip
f 19
g y-gencatlg
942 ## - ADDED ENTRY ELEMENTS (KOHA)
Source of classification or shelving scheme
Item type Books
Holdings
Withdrawn status Lost status Source of classification or shelving scheme Damaged status Not for loan Collection code Permanent location Current location Shelving location Date acquired Total Checkouts Full call number Barcode Date last seen Price effective from Koha item type
          Koleksioni i përgjithshem UBT - Lipjan UBT - Lipjan Koleksioni i përgjithshem 02/27/2018   344.7301 LED 002-3000403 02/27/2018 02/27/2018 Books
UBT Library © 2015-2024. All rights reserved University Education for Business and Technology